000 01087nam a2200217Ia 4500
003 OSt
005 20241003154023.0
007 ca aa aaaaa
008 201103s9999 xx 000 0 und d
040 _cSSBUL
041 _abur
082 _223
_a၂၉၄.၃၀၇ ရာ
_b၁၃၀၇၇ S-SAT
100 1 _a ရာဟုလာ၊ ဝါလ်ပိုလာ၊ ဒေါက်တာ
_916638
245 1 0 _aမြတ်ဗုဒ္ဓဒေသနာ=What the Buddha taught /
_c ဒေါက်တာဝါလ်ပိုလာရာဟုလာ၊ ဘာာသာပြန်သူ ဦးကိုလေး။
260 _aရန်ကုန် ၊
_bသာသနာရေးဦးစီးဌာန၊
_c၁၉၈၁။
300 _aဖ၊ ၁၇၆ စာမျက်နှာ ၊
_c၂၀ စင်တီ။
500 _aS-SAT: Dr. Sai Aung Tun
650 _aဗုဒ္ဓဘာသာ
_xလေ့လာခြင်းနှင့်သင်ကြားခြင်း
700 0 _aကိုလေး၊ ဦး
_936963
_eဘာသာပြန်သူ
942 _cBK1
_2ddc
999 _c40912
_d40912